閉上眼睛一下下
| 資料類型: | 圖書 | 書目號: | 53447 |
Leader xxxxxxxxxx 001 __ 102610/3/01 005 __ 20191030163628.758 010 0_ |a9789862139240|b精裝|d新臺幣350元 042 __ |anbic 100 __ |a20191030d2018 m y0chiy50 b 101 0_ |achi 102 __ |atw 105 __ |aa z 000cy 200 1_ |a閉上眼睛一下下|f幾米作 205 __ |a初版 210 __ |a臺北市|c大塊文化出版|a新北市新莊區|c大和書報圖書總經銷|d2018[民107] 215 0_ |a88面|c彩圖|d27公分 225 12 |a幾米作品|v59 300 __ |a小巧樂遊版 700 _0 |a幾米|4作 681 __ |a855|b856 801 _0 |atw|bLibDipper|c20191030|gCCR |